Design of concrete structures (Record no. 3628)

000 -LEADER
fixed length control field 00663nam a2200229 a 4500
001 - CONTROL NUMBER
control field 3628
003 - CONTROL NUMBER IDENTIFIER
control field BD-DhUET
008 - FIXED-LENGTH DATA ELEMENTS--GENERAL INFORMATION
fixed length control field 850621s1985 enka b 101 0 eng
020 ## - INTERNATIONAL STANDARD BOOK NUMBER
International Standard Book Number 007Y665486
040 ## - CATALOGING SOURCE
Original cataloging agency DLC
Transcribing agency DLC
Modifying agency BD-DhUET
082 00 - DEWEY DECIMAL CLASSIFICATION NUMBER
Classification number 624.183
Item number NIL/1986
100 ## - MAIN ENTRY--PERSONAL NAME
Personal name Nilson, Arthur H.
245 00 - TITLE STATEMENT
Title Design of concrete structures
Statement of responsibility, etc. by Arthur H. Nilson and George Winter
250 ## - EDITION STATEMENT
Edition statement 10th ed.
260 ## - PUBLICATION, DISTRIBUTION, ETC. (IMPRINT)
Place of publication, distribution, etc. New York:
Name of publisher, distributor, etc. McGraw Hill Book Company,
Date of publication, distribution, etc. 1986.
300 ## - PHYSICAL DESCRIPTION
Extent xi, 380 p. :
Other physical details ill. ;
Dimensions 23 cm.
490 ## - SERIES STATEMENT
Series statement Civil engineering series
504 ## - BIBLIOGRAPHY, ETC. NOTE
Bibliography, etc Includes bibliographies
650 #0 - SUBJECT ADDED ENTRY--TOPICAL TERM
Topical term or geographic name as entry element Reinforced concrete
700 ## - ADDED ENTRY--PERSONAL NAME
Personal name Winter, George
942 ## - ADDED ENTRY ELEMENTS (KOHA)
Koha item type General Book
Holdings
Piece designation (barcode) Price effective from Copy number Koha item type Koha renewals Koha issues (times borrowed) Sublocation or collection (holding branch) Withdrawn status Koha full call number Date acquired Koha out on loan Lost status Koha date last borrowed Source of classification or shelving scheme Location (home branch) Koha normalized classification for sorting Koha date last seen Shelving location Damaged status Not for loan
778732014-11-021General Book16Central Library, BUET 624.183/NIL/19862014-11-022027-02-23 2026-02-23 Central Library, BUET624_000000000000000_183NIL19862026-02-23Circulation section  
778162024-12-04১০/ক-১Rental Item  Central Library, BUET 624.183 NIL/19861990-10-23    Central Library, BUET624_183000000000000_NIL_19862024-12-04Rental section  
778172024-12-04১০/ক-২Rental Item  Central Library, BUET 624.183 NIL/19861990-10-23    Central Library, BUET624_183000000000000_NIL_19862024-12-04Rental section  
778182024-12-04১০/ক-৩Rental Item  Central Library, BUET 624.183 NIL/19861990-10-23    Central Library, BUET624_183000000000000_NIL_19862024-12-04Rental section  
778192024-12-04১০/ক-৪Rental Item  Central Library, BUET 624.183 NIL/19861990-10-23    Central Library, BUET624_183000000000000_NIL_19862024-12-04Rental section  
778202024-12-04১০/ক-৫Rental Item  Central Library, BUET 624.183 NIL/19861990-10-23    Central Library, BUET624_183000000000000_NIL_19862024-12-04Rental section  
778212024-12-04১০/ক-৬Rental Item  Central Library, BUET 624.183 NIL/19861990-10-23    Central Library, BUET624_183000000000000_NIL_19862024-12-04Rental section  
778222024-12-04১০/ক-৭Rental Item  Central Library, BUET 624.183 NIL/19861990-10-23    Central Library, BUET624_183000000000000_NIL_19862024-12-04Rental section  
778232024-12-04১০/ক-৮Rental Item  Central Library, BUET 624.183 NIL/19861990-10-23    Central Library, BUET624_183000000000000_NIL_19862024-12-04Rental section  
778242024-12-04১০/ক-৯Rental Item  Central Library, BUET 624.183 NIL/19861990-10-23    Central Library, BUET624_183000000000000_NIL_19862024-12-04Rental section  
778252024-12-04১০/ক-১০Rental Item  Central Library, BUET 624.183 NIL/19861990-10-23    Central Library, BUET624_183000000000000_NIL_19862024-12-04Rental section  
778262024-12-04১০/ক-১১Rental Item  Central Library, BUET 624.183 NIL/19861990-10-23    Central Library, BUET624_183000000000000_NIL_19862024-12-04Rental section  
778272024-12-04১০/ক-১২Rental Item  Central Library, BUET 624.183 NIL/19861990-10-23    Central Library, BUET624_183000000000000_NIL_19862024-12-04Rental section  
778282024-12-04১০/ক-১৩Rental Item  Central Library, BUET 624.183 NIL/19861990-10-23    Central Library, BUET624_183000000000000_NIL_19862024-12-04Rental section  
778292024-12-04১০/ক-১৪Rental Item  Central Library, BUET 624.183 NIL/19861990-10-23    Central Library, BUET624_183000000000000_NIL_19862024-12-04Rental section  
778302024-12-04১০/ক-১৫Rental Item  Central Library, BUET 624.183 NIL/19861990-10-23    Central Library, BUET624_183000000000000_NIL_19862024-12-04Rental section  
778312024-12-04১০/ক-১৬Rental Item  Central Library, BUET 624.183 NIL/19861990-10-23    Central Library, BUET624_183000000000000_NIL_19862024-12-04Rental section  
778322024-12-04১০/ক-১৭Rental Item  Central Library, BUET 624.183 NIL/19861990-10-23    Central Library, BUET624_183000000000000_NIL_19862024-12-04Rental section  
778332024-12-04১০/ক-১৮Rental Item  Central Library, BUET 624.183 NIL/19861990-10-23    Central Library, BUET624_183000000000000_NIL_19862024-12-04Rental section  
778342024-12-04১০/ক-১৯Rental Item  Central Library, BUET 624.183 NIL/19861990-10-23    Central Library, BUET624_183000000000000_NIL_19862024-12-04Rental section  
778352024-12-04১০/ক-২০Rental Item  Central Library, BUET 624.183 NIL/19861990-10-23    Central Library, BUET624_183000000000000_NIL_19862024-12-04Rental section